000
00314nam a2200121Ia 4500
005
20251222144711.0
008
251222s9999||||xx |||||||||||||| ||spa||
020
_a
987-1080--00-X
082
_a
616.891.7/C12
245
0
_a
Manual para Operadores Terapéuticos en Adicciones
264
_b
Canto Rodado
942
_c
LIB
999
_c
17846
_d
17846